Patrimoni accessible, museus per tocar
Descripción Física:
1 f. : il. col. ; 41 x 42 cm plegat 15 x 21 cm
MARC
| LEADER | 00000nam a2200000Ia 4500 | ||
|---|---|---|---|
| 001 | 24019 | ||
| 008 | 160829s2014 xx 000 0 cat d | ||
| 080 | |a FU-62-147 | ||
| 245 | |a Patrimoni accessible, museus per tocar | ||
| 260 | |a Barcelona : |b Diputació de Barcelona. Àrea de Presidència, |c 2014 | ||
| 300 | |a 1 f. : |b il. col. ; |c 41 x 42 cm plegat 15 x 21 cm | ||
| 650 | |a Museus i discapacitats visuals |x Barcelona (província) |9 50229 | ||
| 710 | |a Barcelona (Catalunya : Província). |b Àrea de Presidència |9 52558 | ||
| 856 | |u www.diba.cat/web/opc/mirada_tactil | ||
| 901 | |a Arxiu | ||
| 942 | |n 1 | ||
| 952 | |0 0 |1 0 |4 0 |6 FU62147 |7 1 |9 55894 |a Arxiu |b Arxiu |d 2016-12-01 |l 0 |o FU-62-147 |p 24019 |r 2016-12-01 00:00:00 |w 2016-12-01 |y ARXIU | ||
| 999 | |c 59767 |d 59767 | ||